find these anime characters - Statistiques

Statistiques générales
  • Ce quiz a été pris 38 fois
  • Le résultat moyen est 10 sur 12
Statistiques - réponses
Par images Réponse % Correct
L
97%
Naruto
97%
Luffy
94%
Sasuke
94%
Light
92%
Eren
89%
Saitama
89%
Goku
86%
Tanjiro
81%
Ichigo
78%
Kenshin
42%
Shinji
25%
Aucun quiz correspondant
Distribution des résultats
% des personnes avec chaque résultat
Percentile par nombre de réponses
Votre historique - résultats
Vous n’avez pas pris ce quiz